Nosotras que nos queremos tanto /

En Nosotras que nos queremos tanto, cuatro mujeres bien asentadas profesionalmente, que enfrentan la mitad de sus vidas, se sientan a conversar sobre sus experiencias de vida. Cuenta Marcela Serrano, que las mujeres de Nosotras que nos queremos tanto, resultan ser «la suma de muchas mujeres que he c...

Full description

Bibliographic Details
Main Author: Serrano, Marcela
Format: Libro
Language:Spanish
Published: Buenos Aires Planeta 2004
Edition:1a. ed.
Subjects:
Online Access:

MARC

LEADER 00000cam a2200000 a 4500
001 028478
003 UAHC_CL
005 20170803122940.0
008 051013b2004 ag 000 1 spa
020 |a 8408056921 
040 |a UAHC_CL  |c UAHC_CL  |d UAHC_CL 
100 1 |a Serrano, Marcela 
245 1 0 |a Nosotras que nos queremos tanto /  |c Marcela Serrano. 
250 |a 1a. ed. 
260 |b Planeta  |c 2004  |a Buenos Aires 
300 |a 326 p. 
520 |a En Nosotras que nos queremos tanto, cuatro mujeres bien asentadas profesionalmente, que enfrentan la mitad de sus vidas, se sientan a conversar sobre sus experiencias de vida. Cuenta Marcela Serrano, que las mujeres de Nosotras que nos queremos tanto, resultan ser «la suma de muchas mujeres que he conocido en mi vida y que materialmente habitan en mí». 
650 4 |a NOVELAS CHILENAS 
653 |a COMPLEMENTARIA 
653 |a PERIODISMO 
900 |a Ch863 SERN 
942 |c BK 
952 |0 0  |1 0  |4 0  |6 CH_863_000000000000000_SERN  |7 0  |8 General  |9 56393  |a BC  |b BC  |c General  |d 2017-08-03  |l 0  |o Ch863 SERN  |p 1350424  |r 2025-11-26 00:00:00  |t 1  |w 2017-08-03  |y BK 
952 |0 0  |1 0  |4 0  |6 CH_863_000000000000000_SERN  |7 0  |8 General  |9 56394  |a BS  |b BS  |c General  |d 2017-08-03  |l 1  |o Ch863 SERN  |p 1350425  |r 2025-11-26 00:00:00  |s 2017-12-19  |t 2  |w 2017-08-03  |y BK 
999 |c 28478  |d 28478